| 000 | 01535nam a2200277Ia 4500 | ||
|---|---|---|---|
| 001 | 21716 | ||
| 005 | 20260320113306.0 | ||
| 008 | 260320s9999||||xx |||||||||||||| ||und|| | ||
| 022 | _a18129587 | ||
| 041 | _aESP | ||
| 082 |
_aHR 340 JUN 2025 _bDJ |
||
| 100 |
_a _e |
||
| 110 | _aGaceta Jurídica | ||
| 245 | 0 |
_aDiálogo con la jurisprudencia : _bactualidad jurisprudencial para jueces, fiscales y abogados litigantes |
|
| 246 |
_a _5 _b |
||
| 260 |
_aLima : _bGaceta Jurídica, _c2025 |
||
| 300 |
_a248 páginas : _btablas ; _c25 cm. _e |
||
| 440 |
_a _n _v |
||
| 505 | _aN° 321 (2025) CONTENIDO - Información pública, autodeterminación informativa y función notarial - Recientes modificaciones en el proceso de sucesión intestada - La correcta calificación del recurso de casación excepcional - La prueba indiciaria en casos de tráfico ilícito de drogas - Un caso de despido nulo por orientación sexual - Descripción del objeto social de una sociedad anónima cerrada - El principio de prohibición de reforma en peor INFORME ESPECIAL Caso Ministerio Público vs. Junta Nacional de Justicia INFORME JURISPRUDENCIAL La buena fe-diligencia y la protección registral de las adquisiciones de derechos inscritos | ||
| 650 | _aCIS | ||
| 653 | _aDerecho - Revista | ||
| 654 | _aDER | ||
| 700 |
_a _c |
||
| 856 |
_uhttps://app-vlex-com.ucsp.lookproxy.com/search/type:source+jurisdiction:PE,XM+content_type:4+source_type:02.01,02.02,02.03,02.04,02.05/* _zVéase además: Base de datos Vlex |
||
| 942 |
_cREV _dJUS _fMAT _2ddc _n |
||
| 999 |
_c21716 _d21716 |
||